000 00510nam a2200181Ia 4500
999 _c36847
_d36847
003 OSt
005 20210127102320.0
008 190216s9999||||xx |||||||||||||| ||und||
020 _a9788126122141
040 _coclc
082 _a540
_bTEA/M
100 _aA Team Of Experts
245 0 _aModern UGC NET / SLET Chemistry /
_cA Team Of Experts
260 _bAnmol Publications,
_aNew Delhi:
_c2005.
300 _a502p
650 _aEnglish
942 _cREF
_2ddc
_h540
_iTEA/M
_k540
_mTEA/M